|
|
|
|
| LEADER |
03627nam a22004093i 4500 |
| 001 |
EBC6825628 |
| 003 |
MiAaPQ |
| 005 |
20231204023220.0 |
| 006 |
m o d | |
| 007 |
cr cnu|||||||| |
| 008 |
231204s2022 xx o ||||0 eng d |
| 020 |
|
|
|a 9789633864166
|q (electronic bk.)
|
| 035 |
|
|
|a (MiAaPQ)EBC6825628
|
| 035 |
|
|
|a (Au-PeEL)EBL6825628
|
| 035 |
|
|
|a (OCoLC)1290024491
|
| 040 |
|
|
|a MiAaPQ
|b eng
|e rda
|e pn
|c MiAaPQ
|d MiAaPQ
|
| 050 |
|
4 |
|a DX241
|
| 082 |
0 |
|
|a 305.891497047
|
| 100 |
1 |
|
|a Dunajeva, Jekatyerina.
|
| 245 |
1 |
0 |
|a Constructing Identities over Time :
|b Bad Gypsies and Good Roma in Russia and Hungary.
|
| 250 |
|
|
|a 1st ed.
|
| 264 |
|
1 |
|a Budapest :
|b Central European University Press,
|c 2022.
|
| 264 |
|
4 |
|c Ã2021.
|
| 300 |
|
|
|a 1 online resource (240 pages)
|
| 336 |
|
|
|a text
|b txt
|2 rdacontent
|
| 337 |
|
|
|a computer
|b c
|2 rdamedia
|
| 338 |
|
|
|a online resource
|b cr
|2 rdacarrier
|
| 490 |
1 |
|
|a Critical Romani Studies Book Series
|
| 505 |
0 |
|
|a Front cover -- Front matter -- Series title page -- Title page -- Copyright page -- Table of contents -- List of Tables -- Acknowledgments -- Part I Introduction -- Chapter 1 Author's Purpose -- Personal Note -- Roma and Romani Studies -- Notes on Methodology -- Structure and Subject of the Book -- Chapter 2 Theories and Concepts-State, Nation, and Identity -- Homogenization Efforts During State and Nation Building -- Managing the Population and Classifying Identities -- Comparative and Historical Study: Roma in Hungary and Russia throughout Time -- Part II Bad Gypsies and Good Roma in Historical Perspective -- Chapter 3 Early Nation and State Building in Empires -- Early State and Nation Building: Control over the "Other" -- Enduring "Backwardness" -- Chapter 4 The End of Empires -- The End of Empires: World War One and the 1917 Revolution -- Soviet Nativization Policies in the 1920s and '30s -- Hungary After the Treaty of Trianon -- A Note on the Holocaust -- Chapter 5 State Socialism (1945-1989) -- Assimilationist Campaigns -- Political Education in State-Socialist Schools -- Categorization of Roma: Legacies of Socialist Identity Politics and Critical Voices -- Part III Contemporary Identity Formation -- Chapter 6 Fieldwork -- Fieldwork and Positionality -- Ethnography: Ethics, Reflexivity, and Positionality -- Chapter 7 "Bad Gypsies"-Negotiation of Identities in Primary Schools -- Neo-Modern State Building: National Revival and Patriotic Youth -- Bad Gypsies in Segregated Schools -- Disciplining Bad Gypsies in Classrooms -- Reproducing and Contesting Stereotypes -- Chapter 8 Making Good Roma from Bad Gypsies -- Contemporary Antigypsyism -- Pro-Roma Civil Society's Roots, Goals, and Projects -- Negotiation of Identity and Non-state Actors -- Chapter 9 Negotiating Identity -- Identity Struggles -- Identity and Belonging -- Kinship and Community.
|
| 505 |
8 |
|
|a Part IV Concluding Remarks -- Chapter 10 Summary and Best Practices -- Best Practices -- References -- Index -- Back cover.
|
| 588 |
|
|
|a Description based on publisher supplied metadata and other sources.
|
| 590 |
|
|
|a Electronic reproduction. Ann Arbor, Michigan : ProQuest Ebook Central, 2023. Available via World Wide Web. Access may be limited to ProQuest Ebook Central affiliated libraries.
|
| 655 |
|
4 |
|a Electronic books.
|
| 776 |
0 |
8 |
|i Print version:
|a Dunajeva, Jekatyerina
|t Constructing Identities over Time
|d Budapest : Central European University Press,c2022
|
| 797 |
2 |
|
|a ProQuest (Firm)
|
| 830 |
|
0 |
|a Critical Romani Studies Book Series
|
| 856 |
4 |
0 |
|u https://ebookcentral.proquest.com/lib/matrademy/detail.action?docID=6825628
|z Click to View
|